26 京都府の市町村 人口順 - Statistics

General Stats
  • This quiz has been taken 7 times
  • The average score is 21 of 26
Answer Stats
順位 人口 市町村 % Correct
1 1,433,071 京都市
100%
2 172,931 宇治市
100%
3 83,957 亀岡市
100%
5 78,259 木津川市
100%
6 75,010 京田辺市
100%
8 73,693 舞鶴市
100%
4 81,638 長岡京市
86%
7 74,112 福知山市
86%
10 68,163 八幡市
86%
12 46,335 京丹後市
86%
13 34,879 精華町
86%
14 29,752 綾部市
86%
24 2,120 南山城村
86%
25 1,709 伊根町
86%
26 920 笠置町
86%
9 71,514 城陽市
71%
11 55,403 向日市
71%
17 16,221 大山崎町
71%
20 11,394 京丹波町
71%
21 8,347 宇治田原町
71%
23 3,003 和束町
71%
15 29,667 南丹市
57%
16 17,989 与謝野町
57%
18 14,955 宮津市
57%
19 14,589 久御山町
57%
22 6,984 井手町
57%
No matching quizzes found
Score Distribution
Percent of People with Each Score
Percentile by Number Answered
Your Score History
You have not taken this quiz